| 000 | 00623nam a22002297a 4500 | ||
|---|---|---|---|
| 001 | sjds170173 | ||
| 003 | sjds | ||
| 005 | 20170723145228.0 | ||
| 008 | 170723b cau||||| |||| 00| 0 spa d | ||
| 020 | _a9781595663986 (pbk.) | ||
| 040 | _csjds | ||
| 041 |
_aspa _heng |
||
| 082 |
_222 _a599.757 |
||
| 100 | 1 | _aMorgan, Sally | |
| 240 | _aLions | ||
| 245 | 1 | 0 |
_aLeones / _c Sally Morgan ; diseƱado por Jonathan Vipond. |
| 260 |
_aLaguna Hills, Calif. : _bQEB, _cc2006. |
||
| 300 |
_a32 pages : _bcolor illustrations ; _c28 cm. |
||
| 490 | _aVida de los animales. | ||
| 700 | 1 | _aVipond, Jonathan | |
| 942 |
_2ddc _cBK |
||
| 999 |
_c18639 _d18639 |
||